Stanovy akciovej spoločnosti vzor
Vzor stanov akciovej spoločnosti. Obchodné meno a sídlo spoločnosti. Základné imanie. Orgány akciovej spoločnosti. Valné zhromaždenie. Predstavenstvo. Dozorná rada. Organizačná štruktúra a riadenie spoločnosti. Rezervný fond. Rozdelenie zisku. Zvyšovanie a znižovanie základného imania.
Salvato in:
| Autore principale: | |
|---|---|
| Natura: | Capitolo di libro |
| Lingua: | slovacco |
| Soggetti: | |
| Tags: |
Nessun Tag, puoi essere il primo ad aggiungerne!!
|
MARC
| LEADER | 00000naa a2200000 4500 | ||
|---|---|---|---|
| 001 | r030308 | ||
| 005 | 20230919113644.9 | ||
| 041 | 0 | |a slo | |
| 044 | |a SK | ||
| 245 | 1 | 0 | |a Stanovy akciovej spoločnosti |b vzor |c Lucia Žitňanská |
| 520 | |a Vzor stanov akciovej spoločnosti. Obchodné meno a sídlo spoločnosti. Základné imanie. Orgány akciovej spoločnosti. Valné zhromaždenie. Predstavenstvo. Dozorná rada. Organizačná štruktúra a riadenie spoločnosti. Rezervný fond. Rozdelenie zisku. Zvyšovanie a znižovanie základného imania. | ||
| 610 | 2 | 0 | |a spoločnosti akciové |
| 610 | 2 | 0 | |a stanovy |
| 610 | 2 | 0 | |a rady dozorné |
| 610 | 2 | 0 | |a zhromaždenia valné |
| 610 | 2 | 0 | |a akcie |
| 610 | 2 | 0 | |a rozdeľovanie zisku |
| 610 | 2 | 0 | |a predstavenstvo |
| 610 | 2 | 0 | |a imanie základné |
| 610 | 2 | 0 | |a štruktúra organizačná |
| 100 | 1 | |a Žitňanská, Lucia | |